Position of Women at the Labour Market in Tourism
Vnímanie rodovej odlišnosti s dôrazom na ženy ako zamestnankyne v podnikoch turizmu v kontexte pracovných podmienok a možností pracovného rastu. Prehľad vybraných štúdií venujúcich sa danej problematike, rodovej rovnosti a postaveniu žien – zamestnankýň v odvetví turizmu, s oblasťami, v ktorých je n...
Uložené v:
| Hlavný autor: | |
|---|---|
| Ďalší autori: | |
| Médium: | Kapitola |
| Jazyk: | English |
| Predmet: | |
| Tagy: |
Žiadne tagy, Buďte prvý, kto otaguje tento záznam!
|
MARC
| LEADER | 00000naa a2200000 4500 | ||
|---|---|---|---|
| 001 | 0281946 | ||
| 005 | 20220722094146.9 | ||
| 041 | 0 | |a eng | |
| 044 | |a SK | ||
| 245 | 1 | 0 | |a Position of Women at the Labour Market in Tourism |c Kristína Šambronská, Daniela Matušíková |
| 520 | |a Vnímanie rodovej odlišnosti s dôrazom na ženy ako zamestnankyne v podnikoch turizmu v kontexte pracovných podmienok a možností pracovného rastu. Prehľad vybraných štúdií venujúcich sa danej problematike, rodovej rovnosti a postaveniu žien – zamestnankýň v odvetví turizmu, s oblasťami, v ktorých je nutné zlepšenie a zrovnoprávnenie postavenia žien, napr. odmeny. Výsledky zistení uskutočnených dotazníkovou metódou ukazujúce, že kým svetové výskumy poukazujú na odlišné vnímanie rodovej otázky v podnikoch turizmu a na trhu práce, z prezentovanej štúdie vyplýva, že v oblasti turizmu na Slovensku zamestnanci vo všeobecnosti nevnímajú výrazné rozdiely. | ||
| 610 | 2 | 0 | |a rovnosť rodová |
| 610 | 2 | 0 | |a nerovnosť rodová |
| 610 | 2 | 0 | |a diferenciácia rodová |
| 610 | 2 | 0 | |a diskriminácia rodová |
| 610 | 2 | 0 | |a ruch cestovný |
| 610 | 2 | 0 | |a ženy |
| 610 | 2 | 0 | |a postavenie žien |
| 610 | 2 | 0 | |a zamestnanci |
| 610 | 2 | 0 | |a trh práce |
| 610 | 2 | 0 | |a Slovensko |
| 100 | 1 | |a Šambronská, Kristína | |
| 700 | 1 | |a Matušíková, Daniela | |